书目信息 |
| 题名: |
真空冷却气调保鲜技术及应用
|
|
| 作者: | 孙企达 编著 | |
| 分册: | ||
| 出版信息: | 北京 化学工业出版社 2004.07 |
|
| 页数: | 413页 | |
| 开本: | 20cm | |
| 丛书名: | ||
| 单 册: | ||
| 中图分类: | TS205.9 | |
| 科图分类: | ||
| 主题词: | 食品工业 | |
| 电子资源: | ||
| ISBN: | 7-5025-5637-0 | |
| 000 | 00614nam0 2200193 450 | |
| 001 | 1530805217 | |
| 005 | 20150429161457.78 | |
| 010 | @a7-5025-5637-0@dCNY58.00 | |
| 100 | @a20150427d2004 km y0chiy0120 ea | |
| 101 | 0 | @achi |
| 102 | @aCN@b110000 | |
| 200 | 1 | @a真空冷却气调保鲜技术及应用@Azhen kong leng que qi tiao bao xian ji shu ji ying yong@f孙企达编著@Fsun qi da bian zhu |
| 210 | @a北京@c化学工业出版社@d2004.07 | |
| 215 | @a413页@d20cm | |
| 606 | 0 | @a食品工业 |
| 690 | @aTS205.9@v4 | |
| 701 | 0 | @a孙企达@Asun qi da@4编著 |
| 801 | 0 | @aCN@b大连网信软件有限公司图书馆·11@c20150429 |
| 905 | @aZUCC@dTS205.9@eS930 | |
| 真空冷却气调保鲜技术及应用/孙企达编著.-北京:化学工业出版社,2004.07 |
| 413页;20cm |
| ISBN 7-5025-5637-0:CNY58.00 |
| ● |
| 相关链接 |
|
|
|
正题名:真空冷却气调保鲜技术及应用
索取号:TS205.9/S930
 
预约/预借
| 序号 | 登录号 | 条形码 | 馆藏地/架位号 | 状态 | 备注 |
| 1 | 496535 | 204965350 | 能源与建筑环境工程学院资料室/ [索取号:TS205.9/S930] | 在馆 | |
| 2 | 496658 | 204966581 | 能源与建筑环境工程学院资料室/ [索取号:TS205.9/S930] | 在馆 |